Movies Quiz

Random Movies or Oscar Quiz

Best Actor, Movie, Year 1927-1969 Quiz Stats

 Plays Quiz not verified by Sporcle

Challenge
Share
Tweet
Score 0/43 Timer 10:00
0 Plays Today
% Correct
Charlton Heston
95.7%
Rod Steiger
93.5%
John Wayne
92.4%
Clark Gable
91.3%
Gregory Peck
91.3%
Laurence Olivier
90.2%
Humphrey Bogart
90.2%
Ray Milland
87%
James Stewart
85.9%
Marlon Brando
85.9%
Bing Crosby
84.8%
Ernest Borgnine
84.8%
Lee Marvin
84.8%
Alec Guinness
83.7%
Burt Lancaster
83.7%
Maximilian Schell
83.7%
Sidney Poitier
83.7%
Rex Harrison
83.7%
Paul Scofield
83.7%
Broderick Crawford
82.6%
Gary Cooper
82.6%
Cliff Robertson
81.5%
% Correct
Fredric March
79.3%
Robert Donat
77.2%
Yul Brynner
76.1%
David Niven
75%
William Holden
72.8%
Spencer Tracy
70.7%
Spencer Tracy
69.6%
Gary Cooper
69.6%
James Cagney
69.6%
José Ferrer
69.6%
Charles Laughton
64.1%
Emil Jannings
63%
Paul Lukas
60.9%
Fredric March
58.7%
Ronald Colman
55.4%
Wallace Beery
54.3%
Victor McLaglen
52.2%
George Arliss
48.9%
Paul Muni
48.9%
Lionel Barrymore
44.6%
Warner Baxter
40.2%

You're not logged in!

Compare scores with friends on all Sporcle quizzes.
Join for Free
OR
Log In

You Might Also Like...

Show Comments

Extras

Top Quizzes Today


Score Distribution

Your Account Isn't Verified!

In order to create a playlist on Sporcle, you need to verify the email address you used during registration. Go to your Sporcle Settings to finish the process.

Report this User

Report this user for behavior that violates our Community Guidelines.

Details: